Visualizzazione normale
Vista MARC
- Lacan, Jacques,
di Personal Name
Records bibliografici associati: 1
001 - CONTROL NUMBER
- control field: 57312
003 - CONTROL NUMBER IDENTIFIER
- control field:
005 - DATE AND TIME OF LATEST TRANSACTION
- control field: 20180709180935.0
008 - FIXED-LENGTH DATA ELEMENTS
- fixed length control field: 180709|| aca||aabn | a|a d
040 ## - CATALOGING SOURCE
- Original cataloging agency:
- Transcribing agency:
100 ## - HEADING--PERSONAL NAME
- Personal name: Lacan, Jacques,
- Dates associated with a name: 1901-1981.
670 ## - SOURCE DATA FOUND
- Source citation: Work cat.: ()0: Lacan, Jacques, 1901-1981. autore, Scritti, 2002.